000 01544ncm a2200409 c 4500
003 BLK
005 20241011005340.0
008 180414b bul |a|er|||| |0| c|bulo|
010 _aNOT00003922000
040 _aBLK
041 _aRUS
_cRUS
080 _aМузика за пиано
_b786.2
_x
_z786.2
100 1 _aБузони, Феручо
_eпърви автор
_943736
700 1 _aКоган, Григорий Михайлович
_eред. и състав.
_9376905
139 _aБузони, Феручо
_bБ 84
245 1 0 _aИзбранные сочинения
_bДля фортепиано
_cФеручо Бузони; ред. и състав. Григорий Михайлович Коган.
254 _aНоти
257 _aITA
260 Москва
_bМузыка 4922
_c1969
300 _a112 с.
_c29 см
380 _a7
505 _gСоч.16
_tИз цикла Шесть этюдов
505 _gСоч.33-б
_tИз цикла Шесть пьес
505 _tИз цикла Элегии
505 _tИз цикла Молодежи
505 _tИз цикла Индейский дневник
650 4 _aПиано - пиеси
_9291568
650 0 _aПиано - етюди
_9353307
653 _aпиеси за пиано
653 _aетюди
852 _aЦб М ІІ 4962
_p5
856 4 _qpdf
_u
856 4 _qpdf
_u
942 _cNOT
_n0
944 _aCR
_c05.01.2017
_k
_lCRON CRON
944 _aED
_c05.01.2017
_kКамелия_Данева
999 _c321363
_d321363